000 00541nam a2200205Ia 4500
005 20240217110210.0
008 131103s9999 xx 000 0 und d
020 _aSBN 706902513
040 _aLoreto College
041 _aEnglish
082 _a370.954
_bAUR
245 _aSri Aurobindo,
_bAn Interpretation,
_cEdited by V.C.Joshi
260 _aDelhi
_bVikas Publishing
_c1973
300 _aviii,174 p.
504 _aIncludes index
650 _aEducation - India
700 _aJoshi,V.C.,ed.
850 _aLCLIB
942 _cBK
999 _c10354
_d60833